000
00334nam a2200145Ia 4500
008
150201s2005 xx 000 0 und d
082
_a
617
_b
E05C
100
_a
CHUMBER, SUNIL
245
_a
ESSENTIAL OF SURGERY
250
_a
1ST
260
_b
JAYPEE BROTHERS
_a
DELHI
_c
2005
300
_a
1-1582
650
_a
SURGERY
942
_2
ddc
_c
BK
999
_c
164
_d
164